| 000 | 00596nam a2200157 4500 | ||
|---|---|---|---|
| 999 |
_c17074 _d17074 |
||
| 008 | 220602b ||||| |||| 00| 0 eng d | ||
| 022 | _a0732-8435 | ||
| 082 | _aDPer 657.05 C33 Sept - Dec 2012, v. 82 n. 9 - 12 | ||
| 100 |
_aShapiro, Andrew I. _945382 |
||
| 245 |
_aTransfer for valuable consideration: _btax issues when transferring a life insurance policy/ _cAndrew I. Shapiro. |
||
| 260 |
_aNew York: _bThe New York State Society of CPA, _c©2012. |
||
| 300 |
_av82 n10, pages 50-55: _billustrations; _c28 cm. |
||
| 500 | _aThe CPA Journal. | ||
| 650 |
_aInsurance. _943006 |
||
| 942 |
_2ddc _cPER |
||